000 00835cam a22002531 4500
001 af 47005648
003 DLC
005 20260227110833.0
008 870504s1944 be 000 0 fre
010 _aaf 47005648
035 _a(OCoLC)23401669
040 _aDLC
_cMiU
_dDLC
042 _apremarc
050 0 0 _aD802.B4
_bC6
100 0 _aCleandre pseud.
245 1 0 _aLettres d'un provincial;
_bou, Les nouveaux propos du conseiller Eudoxe.
260 _aBruxelles,
_bBruylant,
_c1944.
300 _a137 p.
_c18 cm.
490 0 _aLe rond-point,
_v8
500 _aDeuxième de la série 'Essais et documents."
500 _aSeven letters, each signed: Cléandre.
500 _aThe first series of "Lettres d'un provincial" was published clandestinely from 1916-1918.
651 0 _aBelgium
_xHistory
_yGerman occupation, 1940-1945
999 _c3224
_d3224